LEADER 00847nam a2200229 i 4500 001 000000159539 003 CaOOAMICUS 005 20260423101825.0 008 070228s1991 it u000 u ita u 013 $a136902 040 $aSeMil$bita 100 1 $aErnst, Josef <1926-2012>.$0(OLS)http://semarc/name/3368 245 10$aMarco 8,27-16,20. 260 $aBrescia :$bMorcelliana,$c1991. 300 $aP. 376-841. 773 0 $tVangelo secondo Marco.$dBrescia : Morcelliana, 1991.$kNuovo Testamento commentato$z88-372-1425-1$gVol.2$w()10776 850 $aSeMil 852 $aSeMil$W1$xVenegono$y1$m2Z IV 11$j270739$B111096$CSeMilBibl$Z2$F120704 $81 961 $aRecupero: Altro 996 $6245$aMarco 8,27-16,20$9(OLS)http://semarc/title/141640 996 $6260$aBrescia :$bMorcelliana$9(OLS)http://semarc/publisher/29629